[Event "Salou op U2200 1st"]
[Site "Salou"]
[Date "2016.04.30"]
[Round "3"]
[White "Lucas Navas, Jose Manuel"]
[Black "Palacios Herrero, Pablo"]
[Result "0-1"]
[WhiteElo "1825"]
[BlackElo "2149"]
[PlyCount "116"]
[EventDate "2016.04.29"]
[EventType "swiss"]
[EventRounds "6"]
[EventCountry "ESP"]
[SourceTitle "CBM 172 Extra"]
[Source "ChessBase"]
[SourceDate "2016.06.21"]
[SourceVersion "1"]
[SourceVersionDate "2016.06.21"]
[SourceQuality "1"]

1. e4 e6 2. d4 d5 3. Bd3 dxe4 4. Bxe4 Nf6 5. Bf3 c5 6. Ne2 Nc6 7. c3 Be7 8. 0-0 0-0 9. dxc5 Bxc5 10. Bg5 Ne5 11. Nd2 Nxf3+ 12. Nxf3 Qxd1 13. Raxd1 b6 14. b4 Ba6 15. Rfe1 Be7 16. Ned4 Rac8 17. b5 Bb7 18. Nf5 Rfe8 19. Nxe7+ Rxe7 20. Ne5 h6 21. Bh4 g5 22. Bg3 Rxc3 23. Nc6 Rxc6 24. bxc6 Bxc6 25. Rc1 Bd5 26. Rc7 Rxc7 27. Bxc7 Bxa2 28. Ra1 Bc4 29. Rxa7 b5 30. Ra8+ Kh7 31. Ba5 Nd5 32. Rb8 Kg6 33. f3 h5 34. Kf2 Kf5 35. Bd2 Nf4 36. g3 Nd3+ 37. Ke3 Ne5 38. Rc8 Bd5 39. Rc5 Nc4+ 40. Ke2 Nxd2 41. Kxd2 b4 42. Ke3 b3 43. Rb5 Ke5 44. h3 Kd6 45. f4 gxf4+ 46. Kxf4 f6 47. g4 hxg4 48. h4 Kc6 49. Rb8 g3 50. Kxg3 Kc5 51. Kf4 Kd4 52. h5 e5+ 53. Kg3 Kc3 54. h6 Be4 55. Kf2 b2 56. Rc8+ Kd4 57. Rd8+ Kc5 58. Rc8+ Kd6 0-1

[Event "Salou op U2200 1st"]
[Site "Salou"]
[Date "2016.04.30"]
[Round "4"]
[White "Palomo Teruel, Xavier"]
[Black "Lucas Navas, Jose Manuel"]
[Result "1-0"]
[WhiteElo "2055"]
[BlackElo "1825"]
[PlyCount "107"]
[EventDate "2016.04.29"]
[EventType "swiss"]
[EventRounds "6"]
[EventCountry "ESP"]
[SourceTitle "CBM 172 Extra"]
[Source "ChessBase"]
[SourceDate "2016.06.21"]
[SourceVersion "1"]
[SourceVersionDate "2016.06.21"]
[SourceQuality "1"]

1. d4 Nf6 2. c4 e6 3. Nc3 Bb4 4. f3 b6 5. e4 Ba6 6. Bd3 Bxc3+ 7. bxc3 Nc6 8. e5 Ng8 9. Nh3 Na5 10. Qe2 Ne7 11. Bg5 h6 12. Bh4 g5 13. Bf2 Rg8 14. g4 Ng6 15. Bg3 Qe7 16. a4 c5 17. Nf2 Bb7 18. Ne4 Bxe4 19. Qxe4 Rc8 20. d5 exd5 21. cxd5 c4 22. Be2 Nb3 23. Rd1 Nc5 24. Qd4 Nb3 25. Qe3 Qc5 26. Qe4 Qe7 27. h4 gxh4 28. Bh2 Nc5 29. Qd4 Nb3 30. Qe3 Qc5 31. Qe4 Qe7 32. d6 Qd8 33. Bxc4 Na5 34. Be2 Rxc3 35. f4 h3 36. Rd3 Qc8 37. Bg3 Rc1+ 38. Bd1 Qb7 39. Qxb7 Nxb7 40. f5 Nf8 41. Kd2 Rc4 42. Rxh3 Nc5 43. Re3 Ne4+ 44. Kd3 Ng5 45. Kxc4 Nxh3 46. Kb5 Kd8 47. Ka6 f6 48. Kxa7 Nh7 49. e6 dxe6 50. fxe6 f5 51. e7+ Kd7 52. gxf5 Nf6 53. Be2 Kc6 54. Bb5+ 1-0